000
00210nam a22000857a 4500
008
170626b xxu||||| |||| 00| 0 eng d
100
_9
3674
_a
Chhabra. T. N
245
_a
Business Studies XI
260
_a
New Delhi
_c
2009
999
_c
7090
_d
7090